Simulácia komunikačných systémov pracujúcich na princípe spread spektra

Uložené v:
Podrobná bibliografia
Hlavný autor: Pleva, Milan (Autor)
Ďalší autori: Oboňa, Jozef, 1978- (Vedúci práce)
Médium: Rukopis Kniha
Jazyk:Slovak
Vydavateľské údaje: Bratislava : STU v Bratislave FEI, 2004
Predmet:
Tagy: Pridať tag
Žiadne tagy, Buďte prvý, kto otaguje tento záznam!

MARC

LEADER 00000ntm a22000003a 4500
001 stu89093
005 20160719164707.7
008 040720s2004------------------------slo-d
040 |a STU  |b slo 
041 0 |a slo 
100 1 |a Pleva, Milan  |4 aut 
245 1 |a Simulácia komunikačných systémov pracujúcich na princípe spread spektra 
260 |a Bratislava :  |b STU v Bratislave FEI,  |c 2004 
300 |a 47 s 
650 7 |a Telekomunikácie  |2 stusub 
700 1 |a Oboňa, Jozef,  |d 1978-  |4 ths  |u E240  |U FEI Fakulta elektrotechniky a informatiky  |T FEI Katedra telekomunikácií  |X 2180  |U E240  |Y 72  |7 A000002180